[Event "GRE-ch rapid"]
[Site "Ioannina"]
[Date "2024.08.17"]
[Round "1"]
[White "Kazantzoglou, Nikolaos"]
[Black "Makridis, Dimitrios"]
[Result "0-1"]
[WhiteElo "1691"]
[BlackElo "2367"]
[PlyCount "60"]
[EventDate "2024.08.17"]
[EventType "swiss (rapid)"]
[EventRounds "9"]
[EventCountry "GRE"]
[SourceTitle "CBM 221 Extra"]
[Source "ChessBase"]
[SourceDate "2024.09.30"]
[SourceVersion "1"]
[SourceVersionDate "2024.09.30"]
[SourceQuality "1"]

1. e4 c5 2. Nc3 a6 3. f4 b5 4. Nf3 Bb7 5. d3 e6 6. g3 b4 7. Na4 d5 8. exd5 Bxd5 9. Bg2 Nf6 10. 0-0 Be7 11. b3 0-0 12. Bb2 Nc6 13. a3 a5 14. Qd2 Rc8 15. Rae1 Nd4 16. axb4 Nxf3+ 17. Bxf3 cxb4 18. Bxd5 Nxd5 19. Bd4 Bf6 20. Bxf6 Qxf6 21. Re5 Rc6 22. Rf2 Rfc8 23. Qd1 g6 24. Nb2 Kg7 25. Nc4 Ra8 26. Nb2 h5 27. Na4 h4 28. Rfe2 Rac8 29. Nb2 Nc3 30. Qe1 Nxe2+ 0-1

[Event "Chalkida Evoiki op 5th"]
[Site "Chalkida"]
[Date "2023.01.05"]
[Round "1"]
[White "Kazantzoglou, Nikolaos"]
[Black "Kordis, Konstantinos"]
[Result "0-1"]
[WhiteElo "1435"]
[BlackElo "2128"]
[PlyCount "120"]
[EventDate "2023.01.05"]
[EventType "swiss"]
[EventRounds "7"]
[EventCountry "GRE"]
[SourceTitle "CBM 212 Extra"]
[Source "ChessBase"]
[SourceDate "2023.03.31"]
[SourceVersion "1"]
[SourceVersionDate "2023.03.31"]
[SourceQuality "1"]

1. e4 c5 2. Nc3 d6 3. f4 Nc6 4. Nf3 g6 5. Bc4 Bg7 6. 0-0 Nf6 7. d3 0-0 8. Qe1 Nd4 9. f5 e6 10. fxg6 fxg6 11. e5 Ng4 12. Nxd4 Rxf1+ 13. Qxf1 cxd4 14. Ne4 Bxe5 15. Bg5 Qf8 16. Qxf8+ Kxf8 17. Rf1+ Kg7 18. Bb5 h6 19. Be7 Ne3 20. Rf8 Nf5 21. Re8 Kf7 22. Bf8 b6 23. Bc6 Bb7 24. Rxa8 Bxa8 25. Bxd6 Bxh2+ 26. Kxh2 Bxc6 27. Be5 Bxe4 28. dxe4 Ne3 29. Bxd4 Nxc2 30. Bc3 Ne3 31. Kg3 Nc4 32. Kf3 g5 33. g4 Kg6 34. e5 h5 35. Bd4 Na5 36. Kg3 Nc6 37. Bc3 Ne7 38. Bb4 Nd5 39. Bd2 Ne7 40. Bb4 Ng8 41. Bf8 Nh6 42. gxh5+ Kxh5 43. b4 Nf5+ 44. Kf2 Kg4 45. b5 Kf4 46. Bd6 Nd4 47. a4 Nb3 48. Bb8 Nc5 49. a5 bxa5 50. Bxa7 Nb7 51. Bd4 Ke4 52. Bb2 Kd5 53. Kf3 Kc5 54. Kg4 Kxb5 55. Kxg5 Kc4 56. Kf6 Kd5 57. Ba3 Nd8 58. Bb2 Nc6 59. Bc3 a4 60. Bb2 Na5 0-1